Normal view MARC view
  • Yu, Andrew B. C.,

Entry Personal Name

Number of records used in: 3

001 - CONTROL NUMBER

  • control field: 2894

003 - CONTROL NUMBER IDENTIFIER

  • control field: NUST

005 - DATE AND TIME OF LATEST TRANSACTION

  • control field: 20170620121149.0

008 - FIXED-LENGTH DATA ELEMENTS

  • fixed length control field: 170620|| aca||aabn | a|a d

040 ## - CATALOGING SOURCE

  • Original cataloging agency: NUST
  • Transcribing agency: NUST

100 ## - HEADING--PERSONAL NAME

  • Personal name: Yu, Andrew B. C.,
  • Dates associated with a name: 1945-

670 ## - SOURCE DATA FOUND

  • Source citation: Work cat.: (NUST)0: Shargel, Leon, 1941- 2889, Applied biopharmaceutics & pharmacokinetics /, c2005.
© 2023 Central Library, National University of Sciences and Technology. All Rights Reserved.